|
|
|
|
| LEADER |
01082nam a2200265 u 4500 |
| 001 |
10113510 |
| 003 |
upatras |
| 005 |
20210117205108.0 |
| 008 |
140818s1999 uk eng |
| 020 |
|
|
|a 0297819852
|
| 040 |
|
|
|a GR-PaULI
|c GR-PaULI
|
| 041 |
0 |
|
|a eng
|
| 082 |
0 |
4 |
|a 530.11
|
| 100 |
1 |
|
|a Barbour, Julian B.
|4 aut
|9 139738
|
| 245 |
1 |
0 |
|a The end of time
|b the next revolution in ou understanding of the universe
|c Julian Barbour
|
| 260 |
|
|
|a London
|b Weidenfeld & Nicolson
|c 1999
|
| 300 |
|
|
|a x, 371 σ.
|b εικ.
|c 24 εκ.
|
| 504 |
|
|
|a Περιέχει βιβλιογραφία και ευρετήριο
|
| 650 |
|
4 |
|a Χώρος και χρόνος
|9 121
|
| 650 |
|
4 |
|a Κοσμολογία
|9 285
|
| 852 |
|
|
|a GR-PaULI
|b ΠΑΤΡΑ
|b ΒΚΠ
|b ΒΣ1
|k ΑΣΧΞ
|h 530.11 BAR
|m 122738
|p 025000238023
|t 1
|
| 942 |
|
|
|2 ddc
|c BK15
|
| 952 |
|
|
|0 0
|1 0
|4 0
|6 530_110000000000000_BAR
|7 0
|9 168689
|a LISP
|b LISP
|c BSC
|d 2016-04-24
|i 122738
|l 2
|o 530.11 BAR
|p 025000238023
|q 2025-05-06
|r 2025-03-24 12:55:24
|s 2025-03-24
|t 1
|w 2016-04-24
|y BK15
|
| 998 |
|
|
|c ΜΠΟΥΡΑΣ
|d 2014-08
|
| 999 |
|
|
|c 105493
|d 105493
|